Rosi Schwarztman [Disco compacto] (Record no. 11944)

MARC details
000 - LÍDER
campo de control de longitud fija 00790nam a2200193Ia 4500
008 - ELEMENTOS DE DATOS DE LONGITUD FIJA - INFORMACIÓN GENERAL
campo de control de longitud fija 0000002008 pe ad 0000000000spa00
090 ## - NÚMERO DE LLAMADA DE TIPO LC LOCALMENTE ASIGNADO (OCLC)
Número de clasificación (OCLC) (R) PPE02 R67r
245 10 - TÍTULO DECLARACIÓN
Título Rosi Schwarztman [Disco compacto]
Resto del título : naturaleza errante
260 ## - PUBLICACIÓN, DISTRIBUCIÓN
Lugar de publicación Perú : [s.n.]
Fecha de publicación 2008
300 ## - DESCRIPCIÓN FÍSICA
Alcance 1 CD ROM bajo Windows
Dimensiones / 12 cm.
500 ## - NOTA GENERAL
Nota general Exposición realizada en La Galería, Lima, Perú \ Incluye cronología del artista \ Proyecto Ganador Programa Apoyos Concertados FGAA 2010
600 00 - ENTRADA DE SUJETO AÑADIDO - NOMBRE PERSONAL
Nombre de la persona SCHWARTZMAN, ROSI, 1947/
Subdivisión general TRABAJOS PICTORICOS
650 14 - ENTRADA DE SUJETO AÑADIDO - TÉRMINO TÓPICO
Término tópico o elemento de entrada del nombre geográfico ARTE CONTEMPORANEO PERUANO CDROM
650 14 - ENTRADA DE SUJETO AÑADIDO - TÉRMINO TÓPICO
Término tópico o elemento de entrada del nombre geográfico ARTISTAS PLASTICOS PERUANOS CDROM
650 14 - ENTRADA DE SUJETO AÑADIDO - TÉRMINO TÓPICO
Término tópico o elemento de entrada del nombre geográfico COLLAGE CDROM
650 14 - ENTRADA DE SUJETO AÑADIDO - TÉRMINO TÓPICO
Término tópico o elemento de entrada del nombre geográfico NATURALEZA EN EL ARTE CDROM
650 14 - ENTRADA DE SUJETO AÑADIDO - TÉRMINO TÓPICO
Término tópico o elemento de entrada del nombre geográfico PINTORES PERUANOS CDROM
650 14 - ENTRADA DE SUJETO AÑADIDO - TÉRMINO TÓPICO
Término tópico o elemento de entrada del nombre geográfico PINTURA PERUANA CDROM
Holdings
Estado de retirada Pérdida de estatus Estado dañado No para préstamo Código de recogida Ubicación permanente Ubicación actual Ubicación de las estanterías Fecha de adquisición Número de llamada completo Código de barras Fecha de la última vez que se vio Número de copia Precio efectivo desde Tipo de artículo Koha
        General ArtNexus ArtNexus General 06/09/2022 P-PE-02 R67R 12065 06/09/2022 Ej.1 06/09/2022 Libro

Powered by Koha